Idilio roto / (Record no. 163829)

MARC details
000 -LEADER
campo de control de longitud fija 01018nam a22002775i 4500
001 - NÚMERO DE CONTROL
campo de control 163829
003 - IDENTIFICADOR DE NÚMERO DE CONTROL
campo de control ES-MaACL
005 - FECHA Y HORA DE LA ÚLTIMA TRANSACCIÓN
campo de control 20231222062613.0
008 - DATOS DE LONGITUD FIJA--INFORMACIÓN GENERAL
campo de control de longitud fija 050719q1904 sp a | |||||||| ||spa d
100 1# - ENTRADA PRINCIPAL--NOMBRE DE PERSONA
Nombre de persona Rodríguez Serra, B.
9 (RLIN) 131955
245 10 - MENCIÓN DEL TÍTULO
Título Idilio roto /
Mención de responsabilidad, etc. B. Rodríguez Serra ; prólogo de Juan Valera ; ilust. de Valera.
260 ## - PUBLICACIÓN, DISTRIBUCIÓN, ETC.
Lugar de publicación, distribución, etc. Madrid :
Nombre del editor, distribuidor, etc. Viuda de Rodríguez Serra,
Fecha de publicación, distribución, etc. [ca. 1904] (
Fabricante Imp. Marzo)
300 ## - DESCRIPCIÓN FÍSICA
Extensión XVIII, 77 p. :
Otras características físicas il. ;
Dimensiones 14 cm.
490 1# - MENCIÓN DE SERIE
Mención de serie Biblioteca Mignon ;
Designación de volumen o secuencia 22
505 8# - NOTA DE CONTENIDO CON FORMATO
Nota de contenido con formato Contiene: Idilio roto ; Matías ; Un genio ; Amor ciego ; Regalo de Navidad
599 ## - NOTA A LAS ILUSTRACIONES
NOTA A LAS ILUSTRACIONES Retr. del autor.
700 1# - ENTRADA AGREGADA--NOMBRE PERSONAL
Nombre de persona Valera, Juan,
Fechas asociadas al nombre 1824-1905
9 (RLIN) 112638
700 1# - ENTRADA AGREGADA--NOMBRE PERSONAL
Nombre de persona Coullaut Valera, Lorenzo (
Fechas asociadas al nombre 1876-1932)
9 (RLIN) 172578
740 02 - ENTRADA AGREGADA--TÍTULO RELACIONADO/ANALÍTICO NO CONTROLADO
Título relacionado o analítico no controlado Matías.
740 32 - ENTRADA AGREGADA--TÍTULO RELACIONADO/ANALÍTICO NO CONTROLADO
Título relacionado o analítico no controlado Un genio.
740 02 - ENTRADA AGREGADA--TÍTULO RELACIONADO/ANALÍTICO NO CONTROLADO
Título relacionado o analítico no controlado Amor ciego.
740 02 - ENTRADA AGREGADA--TÍTULO RELACIONADO/ANALÍTICO NO CONTROLADO
Título relacionado o analítico no controlado Regalo de Navidad.
830 1# - PUNTO DE ACCESO ADICIONAL DE SERIE-TÍTULO UNIFORME
Título uniforme Biblioteca Mignon ;
Designación de volumen o secuencia 22
9 (RLIN) 186216
852 4# - LOCALIZACIÓN
Ubicación ES-MaACL
Número de control de estantería F-1205(2)
Nota libre - Enc. pasta española, conservando cub. original
Holdings
Estatus retirado Estado de pérdida Estado de daño No para préstamo Biblioteca de origen Biblioteca actual Ubicación en estantería Fecha de adquisición Fuente de adquisición Total de préstamos Signatura topográfica completa Código de barras Visto por última vez Precio de reemplazo Tipo de ítem Koha
        Biblioteca del Ateneo de Madrid Biblioteca del Ateneo de Madrid Sala Pecera Planta 2 17/01/2008     F-1205(2) 1171693 23/02/2023 23/02/2023 Libro impreso